00998nac a22002171u 4500008004100000010001700041020003500058082001900093100004100112245005400153250001200207260004800219300006000267504005000327650004700377856009200424856009100516942002700607999001500634952013100649100905t xxu||||| |||| 00| 0 eng d a 2001052373 a0195150465 (pbk. : alk. paper)00a624.15136bDAS aDas, Braja M., 91793510aSoil Mechanics Laboratory Manual /cBraja M. Das. a6th ed. aNew York :bOxford University Press,c2002. a277 p. :bill. ;c28 cm. +e1 computer disk (3 1/2 in.) aIncludes bibliographical references (p. 145). 0aSoil mechanicsvLaboratory manuals.917936413Table of contents onlyuhttp://www.loc.gov/catdir/enhancements/fy0611/2001052373-t.html413Publisher descriptionuhttp://www.loc.gov/catdir/enhancements/fy0611/2001052373-d.html cBBk624.15136 DAS2ddc c2107d2107 00102ddc40708 aMAINbMAINc1STd2010-09-05epurchasel2m7o624.15136 DASp000002131r2025-07-15 00:00:00s2014-04-23yBB